Cosmopolitan dreams : (Record no. 169273)

MARC details
000 -LEADER
fixed length control field 00672nam a2200193 4500
005 - DATE AND TIME OF LATEST TRANSACTION
control field 20191113130456.0
010 ## - LCCN (DPL NO)
LC control number ENG-126881
020 ## - INTERNATIONAL STANDARD BOOK NUMBER
International Standard Book Number 9788178245416
Terms of availability 795.00
035 ## - SYSTEM CONTROL NUMBER
System control number EN-110413
037 ## - SOURCE OF ACQUISITION
Source of stock number/acquisition DBAD/PUB
082 ## - DEWEY DECIMAL CLASSIFICATION NUMBER
Classification number 840
100 ## - MAIN ENTRY--PERSONAL NAME
Personal name Dubrow, Jennifer
245 ## - TITLE STATEMENT
Title Cosmopolitan dreams :
Remainder of title the making of modern urdu literary culture in colonial South Asia /
Statement of responsibility, etc by Jennifer Dubrow
260 ## - PUBLICATION, DISTRIBUTION, ETC. (IMPRINT)
Place of publication, distribution, etc Lucknow
Name of publisher, distributor, etc Permanent Black
Date of publication, distribution, etc 2018
270 ## - ADDRESS
Address Himalyana, Mall Road, Ranikhet Cantt
City Ranikhet
Postal code 263645
Electronic mail address perblack@gmail.com
300 ## - PHYSICAL DESCRIPTION
Extent xv;175p.
Dimensions 22cm(Hb)
500 ## - GENERAL NOTE
General note Includes bibliographical references and index
942 ## - ADDED ENTRY ELEMENTS (KOHA)
Source of classification or shelving scheme Dewey Decimal Classification
Item type English Books
Classification part 840
Call number suffix DUB
Holdings
Withdrawn status Lost status Not for loan Collection code Home library Current library Date acquired Source of acquisition Cost, normal purchase price Full call number Barcode Copy number Cost, replacement price Koha item type
      Non-fiction Sarojini Nagar Sarojini Nagar 13/11/2019 DBAD/PUB 795.00 840 DUB EN-110413 1 795.00 English Books

© Delhi Public Library
Hit Counter
free hit counter